Évènements des années 2000 par chronologie - Statistiques

Statistiques générales
  • Ce quiz a été pris 2 921 fois
  • Le résultat moyen est 4 sur 10
Statistiques - réponses
Hint Explanation Réponse % Correct
3 Le 1er janvier 2002 L'Euro est mis en circulation dans l'Union Européenne
65%
2 Le 11 septembre 2001 Les tours jumelles du World Trade Center sont détruites par un attentat
64%
1 Le 2 juillet 2000 L'Équipe de France remporte l'Euro de Football
59%
4 Lors de l'été 2003 La canicule fait près de 70 000 morts à travers l'Europe
40%
9 Le 4 novembre 2008 Barack Obama est élu Président des États-Unis
37%
8 Le 6 mai 2007 Nicolas Sarkozy est élu Président de la République française
35%
5 Le 26 décembre 2004 Un tsunami dévaste l'Indonésie, le Sri Lanka et la Thaïlande
33%
6 Le 19 avril 2005 Benoît XVI devient le nouveau Pape
29%
10 Le 11 juin 2009 L'OMS fait passer la grippe A au stade de pandémie
26%
7 Le 24 août 2006 Pluton est dorénavant classé comme une planète naine
23%
Aucun quiz correspondant
Distribution des résultats
% des personnes avec chaque résultat
Percentile par nombre de réponses
Votre historique - résultats
Vous n’avez pas pris ce quiz